Top 10 Countries with the Most Rail Usage - Statistics

General Stats
  • This quiz has been taken 20 times
  • The average score is 9 of 10
Answer Stats
Passanger-Km Answer % Correct
1.6 T China
100%
89.2 B France
100%
1.1 T India
100%
104.2 B Germany
95%
58.4 B United Kingdom
95%
404 B Japan
89%
136.3 B Russia
89%
45.6 B United States
89%
57.8 B Italy
84%
82.9 B South Korea
79%
No matching quizzes found
Score Distribution
Percent of People with Each Score
Percentile by Number Answered
Your Score History
You have not taken this quiz